Historia de una banca novela

Guardat en:
Dades bibliogràfiques
Autor principal: Fernández Luján, Mauro
Format: Desconegut
Idioma:Spanish
Publicat: San José, Costa Rica Ministerio de Cultura, Juventud y Deportes 1976
Col·lecció:Los premios número 7
Matèries:
Etiquetes: Afegir etiqueta
Sense etiquetes, Sigues el primer a etiquetar aquest registre!

MARC

LEADER 000000000a22000000004500
001 000182
007 ta
008 140429s1976 cr |||g |||| 000 f spa d
041 0 |a español 
082 |a CR863.4 F3634h 
100 1 |a Fernández Luján, Mauro 
245 1 0 |a Historia de una banca  |b novela  |c Mauro Fernández L. 
260 |a San José, Costa Rica  |b Ministerio de Cultura, Juventud y Deportes  |c 1976 
300 |a 165 páginas 
490 0 |a Los premios  |v número 7 
500 |a número de inscripción: 12167 y 00039 
650 4 |a LITERATURA COSTARRICENSE  |v NOVELA 
942 |2 ddc  |c BK 
999 |c 1015  |d 1015